00877nam a22002777a 45000010005000000030006000050050017000110080041000280220018000690400029000870500011001160820008001271000021001352450072001562500028002282600039002563000059002954900025003545050008003795200097003875210020004845210020005046000018005246100023005427000034005652879FISKH20240119152224.0240119b cb ||||| |||| 00| 0 eng d a9780140507676 aFISKHbengcFISKHdFISKH a813.54 aPZ7 aZiefert, Harriet aNicky, 1-2-3 /cby Ziefert, Harriet : illustrated by Brown, Richard aFirst published in 1995 aNew York : bPenguin Group ,c1995 a16 unnumbered pages : bcolor illustrations ;c20 cm . aA lift-the-Flap Book aD  aNicky the kitten meets all different kinds of baby animals, learning how to count as he goes8 a160 bLexile 8 aD bRaz-Plus  2catsvfiction 2animals vfiction  aBrown, Richard eillustrator